| 000 | 00449nam a2200157Ia 4500 | ||
|---|---|---|---|
| 008 | 151213s9999 xx 000 0 und d | ||
| 100 | _aEduin J. Elton & Martin J. Gruber | ||
| 245 |
_aModern portfolio theory & investment analysis _cEduin J. Elton & Martin J. Gruber |
||
| 250 | _a5th | ||
| 260 |
_aNew York _bJohn Wiley |
||
| 300 | _a922 p. | ||
| 650 | _aFinance | ||
| 650 | _aFinance | ||
| 700 | _aEduin J. Elton & Martin J. Gruber | ||
| 999 |
_c982 _d982 |
||